[Event "Trofeo Crespi d'Adda"]
[Site "Capriate San Gervasio ITA"]
[Date "2015.05.31"]
[Round "4"]
[White "Locatelli, Andrea"]
[Black "Vezzosi, Paolo"]
[WhiteElo "2171"]
[BlackElo "2344"]
[Result "1/2-1/2"]
[PlyCount "54"]
[EventDate "2015.05.29"]

1. d4 Nf6 2. Bf4 g6 3. Nc3 d6 4. e4 Nc6 5. Qd2 Bg7 6. Nf3 Bg4 7. d5 Nb8 8. Bh6
Bxh6 9. Qxh6 Bxf3 10. gxf3 Nbd7 11. O-O-O c6 12. Be2 Qb6 13. Qe3 Qxe3+ 14. fxe3
Nb6 15. b3 O-O 16. Kb2 Rfc8 17. dxc6 bxc6 18. Ba6 Rc7 19. a4 Rb8 20. a5 Nbd7
21. Ka3 Kf8 22. Rd2 Nc5 23. Be2 Rcb7 24. Rb1 Rb4 25. Rd4 Rxd4 26. exd4 Ne6 27.
Rd1 c5 1/2-1/2

[Event "Trofeo Crespi d'Adda"]
[Site "Capriate San Gervasio ITA"]
[Date "2015.05.31"]
[Round "4"]
[White "Motola, Jacopo"]
[Black "Cereda, Loris"]
[WhiteElo "2132"]
[BlackElo "2213"]
[Result "0-1"]
[PlyCount "54"]
[EventDate "2015.05.29"]

1. e4 e5 2. Nf3 Nc6 3. d4 exd4 4. Nxd4 Nf6 5. Nc3 Bb4 6. Nxc6 bxc6 7. Bd3 d5 8.
exd5 cxd5 9. O-O O-O 10. Bg5 c6 11. Na4 Bd6 12. h3 h6 13. Be3 Re8 14. Bd4 Ne4
15. Qh5 c5 16. Be3 d4 17. Bxe4 Rxe4 18. Bd2 Re5 19. Qf3 Rb8 20. b3 Bb7 21. Qd3
Be4 22. Qc4 Bc6 23. Qa6 Bb5 24. Qxa7 Re7 25. Qa5 Bc7 26. Qa7 Bh2+ 27. Kxh2 Rxa7
0-1

[Event "Trofeo Crespi d'Adda"]
[Site "Capriate San Gervasio ITA"]
[Date "2015.05.31"]
[Round "5"]
[White "Bernasconi, Roberto"]
[Black "Motola, Jacopo"]
[WhiteElo "1896"]
[BlackElo "2132"]
[Result "0-1"]
[PlyCount "90"]
[EventDate "2015.05.29"]

1. e4 c6 2. d4 d5 3. Nd2 dxe4 4. Nxe4 Nd7 5. Nf3 Ngf6 6. Nxf6+ Nxf6 7. Bd3 Bg4
8. c3 e6 9. Bf4 Be7 10. Qe2 O-O 11. h3 Bxf3 12. Qxf3 Qd5 13. Qxd5 Nxd5 14. Bd2
Rfd8 15. O-O-O c5 16. dxc5 Bxc5 17. Rhf1 Rab8 18. Be4 Nf6 19. Bc2 h6 20. Bf4
Rbc8 21. Be5 Rxd1+ 22. Kxd1 Nd5 23. Bb3 f6 24. Bxd5 Rd8 25. Bg3 Rxd5+ 26. Ke2
Kf7 27. Rd1 Rxd1 28. Kxd1 e5 29. f3 Ke6 30. Ke2 h5 31. b4 Be7 32. Bf2 a6 33. g4
g6 34. Kd3 b5 35. Be1 Kd5 36. Bh4 Bd8 37. Bf2 f5 38. Be1 Bb6 39. Bh4 a5 40. Be7
axb4 41. Bxb4 hxg4 42. hxg4 fxg4 43. fxg4 e4+ 44. Kd2 Ke5 45. Be7 Kf4 0-1

[Event "Trofeo Crespi d'Adda"]
[Site "Capriate San Gervasio ITA"]
[Date "2015.05.31"]
[Round "5"]
[White "Cereda, Loris"]
[Black "Locatelli, Andrea"]
[WhiteElo "2213"]
[BlackElo "2171"]
[Result "1/2-1/2"]
[PlyCount "78"]
[EventDate "2015.05.29"]

1. e4 c5 2. Nf3 e6 3. b3 d5 4. Bb5+ Bd7 5. Qe2 dxe4 6. Bxd7+ Qxd7 7. Ne5 Qc7 8.
Qxe4 Nf6 9. Qa4+ Nbd7 10. Nxd7 Qxd7 11. Qxd7+ Nxd7 12. Nc3 a6 13. O-O Ne5 14.
Bb2 Nc6 15. Ne4 h6 16. f4 f5 17. Nf2 Kf7 18. g3 Rd8 19. Nd3 Bd6 20. Rae1 Rhe8
21. Kg2 b5 22. Bc3 g5 23. fxg5 hxg5 24. g4 f4 25. h4 c4 26. bxc4 bxc4 27. Nb2
gxh4 28. Nxc4 Bc7 29. Rh1 f3+ 30. Kxf3 Bg3 31. Re4 Kg6 32. Kg2 e5 33. d3 Nd4
34. Be1 Bf4 35. Bxh4 Rd5 36. Rf1 Ne6 37. Bg3 Bxg3 38. Kxg3 Ng5 39. Ree1 e4
1/2-1/2

[Event "Trofeo Crespi d'Adda"]
[Site "Capriate San Gervasio ITA"]
[Date "2015.05.31"]
[Round "5"]
[White "Vezzosi, Paolo"]
[Black "Brun, Dario"]
[WhiteElo "2344"]
[BlackElo "2304"]
[Result "1/2-1/2"]
[PlyCount "98"]
[EventDate "2015.05.29"]

1. d4 d5 2. Nf3 Nf6 3. c4 c6 4. Qc2 e6 5. Bg5 Nbd7 6. e3 Qa5+ 7. Nfd2 Ne4 8.
Bf4 Bb4 9. f3 Nxd2 10. Nxd2 dxc4 11. Bxc4 e5 12. Bg3 O-O 13. O-O-O exd4 14.
exd4 Nb6 15. Bc7 Bxd2+ 16. Rxd2 Bf5 17. Qb3 Rac8 18. Bd6 Nxc4 19. Qxc4 Be6 20.
Qc3 Qxc3+ 21. bxc3 Rfe8 22. a4 Bc4 23. a5 b6 24. axb6 axb6 25. Kb2 Rcd8 26. Bg3
Rd5 27. Ra1 h5 28. Kc2 Rb5 29. Rb1 Rxb1 30. Kxb1 Ra8 31. Bc7 b5 32. Bd6 Re8 33.
Bg3 f6 34. h4 Ra8 35. Bd6 Re8 36. Kb2 Kf7 37. Bf4 g6 38. Rf2 Ra8 39. Rd2 Ke6
40. g4 Bd5 41. Re2+ Kf7 42. Re3 Ra2+ 43. Kc1 Rf2 44. gxh5 gxh5 45. Kd1 Rf1+ 46.
Ke2 Bc4+ 47. Kd2 Bd5 48. Ke2 Bc4+ 49. Kd2 Bd5 1/2-1/2

[Event "XLVII C.to Italiano a squadre Master"]
[Site "Civitanova Marche ITA"]
[Date "2015.04.29"]
[Round "1"]
[White "Altini, Nicola"]
[Black "Cocchi, Andrea"]
[WhiteElo "2410"]
[BlackElo "2272"]
[Result "1-0"]
[PlyCount "75"]
[EventDate "2015.04.29"]

1. d4 Nf6 2. c4 e6 3. Nf3 d5 4. g3 dxc4 5. Bg2 c5 6. O-O Nc6 7. dxc5 Qxd1 8.
Rxd1 Bxc5 9. Nbd2 c3 10. bxc3 O-O 11. Nb3 Be7 12. c4 Bd7 13. Bb2 Rfd8 14. Ne5
Rac8 15. Nxc6 Bxc6 16. Bxc6 Rxc6 17. Rxd8+ Bxd8 18. Rd1 Be7 19. Bxf6 Bxf6 20.
Rd7 b6 21. Rxa7 h5 22. Ra4 g5 23. e3 Kg7 24. h3 Bc3 25. Kf1 Kg6 26. Ke2 g4 27.
hxg4 hxg4 28. Kd3 Be1 29. Ke2 Bc3 30. Nc1 f5 31. Nd3 e5 32. Ra6 e4 33. Nf4+ Kh7
34. Nd5 Ba5 35. Ra7+ Kh8 36. c5 Rh6 37. cxb6 Bxb6 38. Ra6 1-0

[Event "XLVII C.to Italiano a squadre Master"]
[Site "Civitanova Marche ITA"]
[Date "2015.04.29"]
[Round "1"]
[White "Bentivegna, Francesco"]
[Black "Lostuzzi, Manlio"]
[WhiteElo "2313"]
[BlackElo "2419"]
[Result "0-1"]
[PlyCount "66"]
[EventDate "2015.04.29"]

1. d4 Nf6 2. Nc3 d5 3. Bf4 Bf5 4. f3 e6 5. g4 Bg6 6. h4 h5 7. g5 Nfd7 8. e3 Bd6
9. Nh3 Nc6 10. Bxd6 cxd6 11. Nf4 Nf8 12. Qd2 Qa5 13. e4 dxe4 14. fxe4 O-O-O 15.
O-O-O e5 16. dxe5 dxe5 17. Nfd5 Ne6 18. Bh3 Kb8 19. Qe3 Ned4 20. Rhf1 Rd6 21.
Kb1 Rhd8 22. Rf2 b5 23. a3 b4 24. axb4 Nxb4 25. Rxd4 exd4 26. Qxd4 Nxd5 27.
exd5 Re8 28. Rf1 Ra6 29. Kc1 Qa1+ 30. Kd2 Qa5 31. Qxg7 Qc7 32. Bg2 Qg3 33. Bf3
Qf4+ 0-1

[Event "XLVII C.to Italiano a squadre Master"]
[Site "Civitanova Marche ITA"]
[Date "2015.04.29"]
[Round "1"]
[White "Bonafede, Alessandro"]
[Black "Barletta, Mauro"]
[WhiteElo "2377"]
[BlackElo "2156"]
[Result "1-0"]
[PlyCount "79"]
[EventDate "2015.04.29"]

1. e4 Nc6 2. Nc3 Nf6 3. d4 d6 4. d5 Nb8 5. f4 c6 6. dxc6 Nxc6 7. Nf3 e6 8. e5
Ng4 9. h3 Nh6 10. g4 Be7 11. Be3 f5 12. exf6 Bxf6 13. Qd2 Qa5 14. Bg2 Nf7 15.
O-O Bd7 16. a3 O-O 17. b4 Qd8 18. Rad1 Rc8 19. Ne4 Be7 20. c4 Qc7 21. Kh1 Rcd8
22. Nc3 Bc8 23. Qf2 b6 24. Qe2 Bd7 25. Bg1 Rc8 26. Nb5 Qb8 27. Bh2 Rfe8 28.
Rfe1 Bf8 29. Qd3 a6 30. Nc3 Qc7 31. Ne4 Nb8 32. c5 bxc5 33. bxc5 d5 34. Neg5
Nxg5 35. Nxg5 g6 36. f5 Qd8 37. Nxe6 Bxe6 38. Rxe6 Rxe6 39. Bxd5 Kh8 40. Bxe6
1-0

[Event "XLVII C.to Italiano a squadre Master"]
[Site "Civitanova Marche ITA"]
[Date "2015.04.29"]
[Round "1"]
[White "Boscolo, Federico"]
[Black "Begelman, Boris"]
[WhiteElo "2313"]
[BlackElo "2125"]
[Result "1-0"]
[PlyCount "135"]
[EventDate "2015.04.29"]

1. e4 c5 2. Nf3 d6 3. Bb5+ Bd7 4. Bxd7+ Qxd7 5. O-O Nf6 6. Qe2 Nc6 7. Rd1 e6 8.
c3 Be7 9. d4 cxd4 10. cxd4 d5 11. e5 Ne4 12. Ne1 f6 13. f3 Ng5 14. exf6 Bxf6
15. Be3 O-O 16. Nc3 Nf7 17. f4 Rac8 18. Nf3 Be7 19. a3 Na5 20. Bf2 Bd6 21. g3
g6 22. Ne5 Qe7 23. Qb5 Nc4 24. Nxc4 Rxc4 25. Re1 a6 26. Qb3 Qd7 27. Re2 Nd8 28.
Rae1 b5 29. Nd1 Rc1 30. Be3 Ra1 31. Bd2 Qg7 32. Qd3 Qf6 33. Bc3 Qf5 34. Qf3 g5
35. Ne3 Rxe1+ 36. Rxe1 Qh3 37. f5 Nf7 38. Qg2 Qxg2+ 39. Kxg2 exf5 40. Nxd5 Rd8
41. Re6 Kf8 42. Nf6 h6 43. d5 Be7 44. Nh7+ Ke8 45. Bb4 Nd6 46. Rxh6 g4 47. Re6
Kf7 48. h4 gxh3+ 49. Kxh3 a5 50. Bc5 Rd7 51. Kg2 Nc4 52. Bxe7 Rxe7 53. Ng5+ Ke8
54. Ra6 Re2+ 55. Kf3 Rxb2 56. Ne6 Ke7 57. Nd4 Kd7 58. Nxf5 b4 59. axb4 Rxb4 60.
Ra7+ Kd8 61. Nd4 Ke8 62. Nc6 Rb3+ 63. Kf4 Rb5 64. Ke4 Nb6 65. d6 Rg5 66. Ne5
Rxg3 67. Rb7 Nc8 68. d7+ 1-0

[Event "XLVII C.to Italiano a squadre Master"]
[Site "Civitanova Marche ITA"]
[Date "2015.04.29"]
[Round "1"]
[White "Cacco, Christian"]
[Black "Collutiis, Duilio"]
[WhiteElo "2337"]
[BlackElo "2477"]
[Result "1/2-1/2"]
[PlyCount "30"]
[EventDate "2015.04.29"]

1. d4 d5 2. Nf3 c6 3. Bf4 Qb6 4. Qc1 Bf5 5. Nbd2 Nf6 6. c4 Nbd7 7. c5 Qd8 8. h3
h6 9. b4 g5 10. Bh2 Bg7 11. e3 a6 12. Be2 O-O 13. O-O Re8 14. Ne5 Nxe5 15. Bxe5
Ne4 1/2-1/2

[Event "XLVII C.to Italiano a squadre Master"]
[Site "Civitanova Marche ITA"]
[Date "2015.04.29"]
[Round "1"]
[White "Calavalle, Giulio"]
[Black "Ladron De Guevara Pinto, Paolo"]
[WhiteElo "2254"]
[BlackElo "2316"]
[Result "1/2-1/2"]
[PlyCount "49"]
[EventDate "2015.04.29"]

1. e4 e6 2. d4 d5 3. Nd2 Be7 4. e5 c5 5. c3 Nc6 6. Ndf3 Bd7 7. Bd3 cxd4 8. cxd4
Nb4 9. Ne2 Nxd3+ 10. Qxd3 Qa5+ 11. Bd2 Qb5 12. Qxb5 Bxb5 13. Nc3 Ba6 14. Rc1
Kd7 15. Be3 h5 16. Kd2 Nh6 17. Ne1 Nf5 18. Nd3 b6 19. g3 g5 20. h3 Rac8 21. Ne2
Rxc1 22. Rxc1 f6 23. f4 Bxd3 24. Kxd3 fxe5 25. fxe5 1/2-1/2

[Event "XLVII C.to Italiano a squadre Master"]
[Site "Civitanova Marche ITA"]
[Date "2015.04.29"]
[Round "1"]
[White "Codenotti, Marco"]
[Black "Socko, Bartosz"]
[WhiteElo "2403"]
[BlackElo "2628"]
[Result "0-1"]
[PlyCount "110"]
[EventDate "2015.04.29"]

1. e4 e5 2. Nf3 Nc6 3. Bc4 Bc5 4. c3 Nf6 5. d3 O-O 6. Nbd2 d5 7. exd5 Nxd5 8.
Ne4 Be7 9. O-O Nb6 10. Bb3 Bf5 11. Bc2 Qd5 12. Qe2 Rad8 13. Rd1 Bg6 14. d4 exd4
15. Nxd4 Nxd4 16. Rxd4 Qe6 17. Rxd8 Rxd8 18. f3 h6 19. Bb3 Qe5 20. Be3 Bxe4 21.
Bxb6 Bd6 22. g3 Bc6 23. Qxe5 Bxe5 24. Be3 a5 25. a4 g5 26. Kf2 Rd6 27. f4 Rf6
28. Ke2 gxf4 29. gxf4 Bd6 30. Rg1+ Kf8 31. Rf1 Rg6 32. Bc2 Rg4 33. b3 Rh4 34.
Rf2 Rh5 35. Bd4 Rh4 36. Be3 Ke7 37. Bf5 Bd7 38. Be4 Bg4+ 39. Kf1 Rh3 40. Bd2
Bc5 41. Rg2 Bf3 42. Bxf3 Rxf3+ 43. Ke2 Rh3 44. b4 Bb6 45. Be1 h5 46. c4 axb4
47. Bxb4+ Kd7 48. c5 Ba7 49. Rg7 Ke6 50. Rg8 Kd5 51. Ra8 Rxh2+ 52. Kd3 Rh3+ 53.
Ke2 Rb3 54. Bd2 Bxc5 55. Rh8 Rh3 0-1

[Event "XLVII C.to Italiano a squadre Master"]
[Site "Civitanova Marche ITA"]
[Date "2015.04.29"]
[Round "1"]
[White "D'Amore, Carlo"]
[Black "Petrone, Gianmario"]
[WhiteElo "2469"]
[BlackElo "2074"]
[Result "1-0"]
[PlyCount "93"]
[EventDate "2015.04.29"]

1. e4 c5 2. Nf3 d6 3. c3 Nf6 4. h3 e6 5. Bd3 Be7 6. Bc2 Nc6 7. O-O O-O 8. Re1
b5 9. d4 a5 10. dxc5 dxc5 11. Qe2 e5 12. Qxb5 Qc7 13. Ba4 Bd7 14. Qc4 Be6 15.
Qe2 Nd7 16. Na3 f6 17. Nc4 Nb6 18. Nxb6 Qxb6 19. Nd2 Rfd8 20. Nc4 Qa6 21. Ne3
Qxe2 22. Rxe2 Rac8 23. Nd5 Bf8 24. Be3 Kh8 25. Rd1 Ne7 26. c4 Nc6 27. Bxc6 Rxc6
28. Rd3 a4 29. Ra3 Ra8 30. b3 Bxd5 31. cxd5 Rca6 32. Rc2 c4 33. Rxa4 Rxa4 34.
bxa4 Rxa4 35. Rb2 Kg8 36. Rb8 Kf7 37. Rb7+ Ke8 38. Rb8+ Kf7 39. Rc8 Rxa2 40.
Rxc4 Ra1+ 41. Kh2 Bd6 42. Rc6 Ke7 43. Rb6 Bc7 44. Rb7 Kd8 45. d6 Bxd6 46. Rxg7
Ra4 47. f3 1-0

[Event "XLVII C.to Italiano a squadre Master"]
[Site "Civitanova Marche ITA"]
[Date "2015.04.29"]
[Round "1"]
[White "De Eccher, Stefano"]
[Black "Napoli, Nicolo'"]
[WhiteElo "2209"]
[BlackElo "2281"]
[Result "1-0"]
[PlyCount "43"]
[EventDate "2015.04.29"]

1. e4 e6 2. d4 d5 3. Nc3 Nf6 4. e5 Nfd7 5. Nf3 c5 6. dxc5 Nc6 7. Bf4 Nxc5 8.
Qd2 d4 9. Nb5 Ne4 10. Qd3 Bb4+ 11. Nd2 Nxd2 12. Bxd2 O-O 13. O-O-O Bc5 14. Qg3
Ne7 15. Bg5 Nf5 16. Bxd8 Nxg3 17. hxg3 Rxd8 18. Rh4 f6 19. exf6 gxf6 20. Bc4
Bd7 21. Nxd4 Kg7 22. Bxe6 1-0

[Event "XLVII C.to Italiano a squadre Master"]
[Site "Civitanova Marche ITA"]
[Date "2015.04.29"]
[Round "1"]
[White "Gilevych, Artem"]
[Black "Horvath, Csaba"]
[WhiteElo "2393"]
[BlackElo "2546"]
[Result "0-1"]
[PlyCount "72"]
[EventDate "2015.04.29"]

1. d4 Nf6 2. c4 e6 3. Nf3 b6 4. a3 c5 5. d5 Ba6 6. Qb3 b5 7. cxb5 Bb7 8. dxe6
fxe6 9. g3 a6 10. bxa6 Bxa6 11. Bh3 Be7 12. Nc3 Nc6 13. Be3 Rb8 14. Qa4 Qa5 15.
Bxc5 Bxc5 16. Qxa5 Nxa5 17. b4 Bb6 18. O-O Nb3 19. Ra2 Ke7 20. Na4 Nd4 21. Re1
Ba7 22. Nxd4 Bxd4 23. e3 Ba7 24. Bg2 Rhc8 25. h3 Bb7 26. Nb2 Rc2 27. Rea1 Ba6
28. g4 h6 29. Na4 Rbc8 30. Rxc2 Rxc2 31. Rb1 Bb5 32. Nb2 Bc6 33. Bf1 Ne4 34.
Bd3 Rd2 35. b5 Bd5 36. a4 Nxf2 0-1

[Event "XLVII C.to Italiano a squadre Master"]
[Site "Civitanova Marche ITA"]
[Date "2015.04.29"]
[Round "1"]
[White "Iordachescu, Viorel"]
[Black "Cebalo, Miso"]
[WhiteElo "2588"]
[BlackElo "2389"]
[Result "1-0"]
[PlyCount "75"]
[EventDate "2015.04.29"]

1. e4 c5 2. Nf3 d6 3. Bb5+ Nd7 4. c3 Ngf6 5. Qe2 a6 6. Ba4 b5 7. Bc2 e5 8. O-O
Be7 9. a4 Rb8 10. axb5 axb5 11. Na3 Qb6 12. d4 O-O 13. Rd1 Re8 14. dxc5 dxc5
15. c4 b4 16. Nb5 Bb7 17. Bg5 Rbd8 18. h3 h6 19. Bh4 Bf8 20. Nh2 Nb8 21. Rxd8
Rxd8 22. Nf1 g5 23. Bg3 Nc6 24. Ne3 Nd4 25. Nxd4 exd4 26. Nd5 Bxd5 27. cxd5 Re8
28. Ra6 Qd8 29. Qf3 Nd7 30. Ra7 c4 31. Qf5 Qf6 32. Qxd7 Re7 33. Qd8 d3 34. Ba4
b3 35. Ra8 Qg7 36. Qxe7 d2 37. Bd6 d1=Q+ 38. Kh2 1-0

[Event "XLVII C.to Italiano a squadre Master"]
[Site "Civitanova Marche ITA"]
[Date "2015.04.29"]
[Round "1"]
[White "Lagumina, Giulio"]
[Black "Simoli, Sergio"]
[WhiteElo "2343"]
[BlackElo "2212"]
[Result "0-1"]
[PlyCount "104"]
[EventDate "2015.04.29"]

1. e4 d6 2. d4 Nd7 3. Nc3 e5 4. Nf3 Ngf6 5. Bc4 Be7 6. O-O O-O 7. a4 c6 8. h3
h6 9. Qe2 Qc7 10. Rd1 Re8 11. Nh4 Nf8 12. Qf3 Be6 13. Bxe6 Nxe6 14. Nf5 Nxd4
15. Nxd4 exd4 16. Rxd4 Nd7 17. Qg3 Kh8 18. Bf4 Ne5 19. Rad1 Bf8 20. Be3 Rad8
21. Qh4 f6 22. Ne2 Qf7 23. Ng3 Qe6 24. Nf5 Nf7 25. Qh5 Kh7 26. Ng3 a6 27. Qa5
Ne5 28. b3 Rd7 29. c4 c5 30. Rd5 Nc6 31. Qc3 Rdd8 32. f3 g6 33. Bf2 Be7 34. Ne2
Nb4 35. R5d2 f5 36. Nf4 Qf7 37. exf5 Qxf5 38. Nd5 Nxd5 39. Rxd5 Qf4 40. Qd3 Bf8
41. Bxc5 Re6 42. Bf2 Rde8 43. c5 dxc5 44. Rd7+ Kg8 45. Qd5 b6 46. Re1 Qf5 47.
Rxe6 Qxe6 48. a5 Qxd5 49. Rxd5 Rb8 50. Bg3 Rb7 51. Bd6 Rd7 52. axb6 Rxd6 0-1

[Event "XLVII C.to Italiano a squadre Master"]
[Site "Civitanova Marche ITA"]
[Date "2015.04.29"]
[Round "1"]
[White "Lenic, Luka"]
[Black "Bertagnolli, Alexander"]
[WhiteElo "2642"]
[BlackElo "2351"]
[Result "1-0"]
[PlyCount "89"]
[EventDate "2015.04.29"]

1. Nf3 Nf6 2. c4 g6 3. Nc3 Bg7 4. e4 e5 5. Nxe5 O-O 6. Nf3 Re8 7. d3 d5 8. cxd5
Nxd5 9. Nxd5 Qxd5 10. Be2 Qd6 11. O-O Bg4 12. Ng5 Bxe2 13. Qxe2 Nc6 14. Be3
Rad8 15. Rfd1 h6 16. Nf3 f5 17. Qc2 Qb4 18. exf5 gxf5 19. d4 Qb5 20. Rac1 Re4
21. g3 Kh7 22. Qc5 Rd5 23. Qxb5 Rxb5 24. b3 Rd5 25. Rc5 Rxc5 26. dxc5 Re7 27.
Nh4 Rf7 28. Rd2 Bf8 29. a3 f4 30. gxf4 Be7 31. Nf3 Bf6 32. Kf1 Kg6 33. Ke2 Bc3
34. Rd3 Bb2 35. b4 Kf5 36. b5 Na5 37. a4 c6 38. Rd6 Bf6 39. Nd2 Kg4 40. h3+
Kxh3 41. Kf3 Kh2 42. f5 cxb5 43. axb5 Bg7 44. Bf4+ Kh3 45. Rg6 1-0

[Event "XLVII C.to Italiano a squadre Master"]
[Site "Civitanova Marche ITA"]
[Date "2015.04.29"]
[Round "1"]
[White "Lodici, Lorenzo"]
[Black "Mocchi, Tullio"]
[WhiteElo "2261"]
[BlackElo "2228"]
[Result "1-0"]
[PlyCount "55"]
[EventDate "2015.04.29"]

1. d4 Nf6 2. c4 c5 3. d5 b5 4. cxb5 a6 5. f3 axb5 6. e4 Qa5+ 7. Bd2 Qb6 8. Qb3
e6 9. dxe6 fxe6 10. Bxb5 Nc6 11. Ne2 Ba6 12. Na3 d5 13. Nf4 Bxb5 14. Qxb5 Qxb5
15. Nxb5 Kd7 16. Nxe6 Rb8 17. Nxf8+ Rhxf8 18. a4 Ne5 19. O-O Nd3 20. b3 dxe4
21. Bg5 Rbe8 22. Rad1 Kc6 23. Bxf6 gxf6 24. fxe4 Rd8 25. Rf5 c4 26. bxc4 Nb2
27. Nd4+ Kd6 28. Rd5+ 1-0

[Event "XLVII C.to Italiano a squadre Master"]
[Site "Civitanova Marche ITA"]
[Date "2015.04.29"]
[Round "1"]
[White "Misiano, Franco"]
[Black "Ortega, Lexy"]
[WhiteElo "2313"]
[BlackElo "2470"]
[Result "0-1"]
[PlyCount "54"]
[EventDate "2015.04.29"]

1. e4 c5 2. Nf3 e6 3. d4 cxd4 4. Nxd4 a6 5. Nc3 Qc7 6. Bd3 Nf6 7. f4 b5 8. Qf3
Bb7 9. Be3 Nc6 10. O-O-O Rc8 11. Kb1 Na5 12. Rhf1 Nc4 13. Bc1 Qb6 14. Nce2 Nd6
15. f5 Ndxe4 16. Qe3 Bc5 17. fxe6 dxe6 18. Bxe4 Bxe4 19. Qg3 Bg6 20. Ka1 O-O
21. c3 b4 22. cxb4 Qxb4 23. Bd2 Qb6 24. Bc3 Ne4 25. Qh4 Nxc3 26. Nxc3 Bb4 27.
Ne4 Rc4 0-1

[Event "XLVII C.to Italiano a squadre Master"]
[Site "Civitanova Marche ITA"]
[Date "2015.04.29"]
[Round "1"]
[White "Mogranzini, Roberto"]
[Black "Rossi, Carlo"]
[WhiteElo "2494"]
[BlackElo "2291"]
[Result "1-0"]
[PlyCount "91"]
[EventDate "2015.04.29"]

1. c4 Nc6 2. g3 d6 3. Bg2 g6 4. Nc3 Bg7 5. d3 Bd7 6. Nf3 Qc8 7. h4 Nf6 8. Rb1
a6 9. Bd2 Rb8 10. Nd5 Nh5 11. Qc1 e6 12. Nf4 Nf6 13. h5 e5 14. h6 Bf8 15. Nd5
Nxd5 16. cxd5 Ne7 17. Bg5 Nxd5 18. Nxe5 dxe5 19. Bxd5 Bb4+ 20. Kf1 O-O 21. Bf6
Bd6 22. Qg5 Be6 23. Bxe5 f6 24. Bxf6 Rf7 25. Be4 Qf8 26. Bd4 c5 27. Bxg6 cxd4
28. Bxf7+ Kxf7 29. Rh4 Qh8 30. Rc1 Rg8 31. Rf4+ Ke8 32. Qh5+ Rg6 33. Re4 Kd7
34. Rxe6 Kxe6 35. Qh3+ Ke7 36. Qh1 Qb8 37. Qe4+ Kf7 38. Qf5+ Rf6 39. Qxh7+ Ke6
40. Qe4+ Kf7 41. Qh7+ Ke6 42. Kg2 Qf8 43. Qe4+ Be5 44. f4 Rf5 45. h7 Qg7 46.
Rc5 1-0

[Event "XLVII C.to Italiano a squadre Master"]
[Site "Civitanova Marche ITA"]
[Date "2015.04.29"]
[Round "1"]
[White "Navarro, Stefano"]
[Black "Stromboli, Ettore"]
[WhiteElo "2266"]
[BlackElo "2316"]
[Result "1/2-1/2"]
[PlyCount "47"]
[EventDate "2015.04.29"]

1. e4 e6 2. d3 d5 3. Nd2 Nf6 4. Ngf3 c5 5. g3 b6 6. Bg2 Bb7 7. Qe2 Be7 8. O-O
Nc6 9. c3 Qc7 10. Re1 O-O 11. Nf1 dxe4 12. dxe4 Rfd8 13. Bf4 e5 14. Bg5 Ng4 15.
Bxe7 Nxe7 16. Rad1 Nf6 17. N3d2 Rd7 18. Ne3 Rad8 19. f3 b5 20. Bh3 Rd6 21. Ndf1
c4 22. Rxd6 Rxd6 23. Rd1 Kf8 24. Rd2 1/2-1/2

[Event "XLVII C.to Italiano a squadre Master"]
[Site "Civitanova Marche ITA"]
[Date "2015.04.29"]
[Round "1"]
[White "Ricci, Marco"]
[Black "Caprio, Guido"]
[WhiteElo "2056"]
[BlackElo "2418"]
[Result "0-1"]
[PlyCount "72"]
[EventDate "2015.04.29"]

1. e4 e6 2. d4 d5 3. exd5 exd5 4. Nf3 Bd6 5. Bd3 Ne7 6. O-O Nbc6 7. h3 Nb4 8.
Be2 Bf5 9. Na3 c6 10. c3 Na6 11. Nc2 Nc7 12. Ne3 Bg6 13. Nh4 Ne6 14. Bg4 Nf4
15. Nef5 Nxf5 16. Nxf5 h5 17. Re1+ Kf8 18. Nxd6 Qxd6 19. Bxf4 Qxf4 20. Bf3 Bf5
21. g3 Qd6 22. h4 g6 23. Qe2 f6 24. Bg2 Kf7 25. Qd2 g5 26. Re3 gxh4 27. gxh4
Rag8 28. Rae1 Rg4 29. Qe2 Rxh4 30. Re7+ Kg6 31. Qe3 Qh2+ 32. Kf1 Rg4 33. Qh3
Qxh3 34. Bxh3 Bd3+ 35. R1e2 Re4 36. R7xe4 dxe4 0-1

[Event "XLVII C.to Italiano a squadre Master"]
[Site "Civitanova Marche ITA"]
[Date "2015.04.29"]
[Round "1"]
[White "Rombaldoni, Axel"]
[Black "De Filomeno, Simone"]
[WhiteElo "2501"]
[BlackElo "2440"]
[Result "1-0"]
[PlyCount "85"]
[EventDate "2015.04.29"]

1. d4 d6 2. e4 Nf6 3. Nc3 e5 4. Nf3 Nbd7 5. Bc4 Be7 6. O-O O-O 7. Re1 c6 8. a4
a5 9. b3 Qc7 10. Bb2 h6 11. h3 Re8 12. Qd2 Nf8 13. Rad1 Ng6 14. Bf1 Bd7 15. Nb1
Bf8 16. d5 Nf4 17. dxc6 Bxc6 18. Nc3 Ne6 19. Nd5 Bxd5 20. exd5 Nc5 21. Bb5 Rec8
22. Qe3 Nce4 23. c4 Qc5 24. Qe2 Qb6 25. Qc2 Nc5 26. Nh4 Qd8 27. g3 Nh7 28. Kh2
Ng5 29. f4 exf4 30. gxf4 Nge6 31. Nf5 Nxf4 32. Nxh6+ gxh6 33. Rg1+ Qg5 34. Qf5
Ng6 35. Rxg5 hxg5 36. Rg1 Bg7 37. Bxg7 Kxg7 38. Rf1 Rf8 39. Qxg5 f6 40. Qf5 Kh6
41. Rg1 Rg8 42. Qxf6 Kh7 43. Qg5 1-0

[Event "XLVII C.to Italiano a squadre Master"]
[Site "Civitanova Marche ITA"]
[Date "2015.04.29"]
[Round "1"]
[White "Schacher, Gerd"]
[Black "Dvirnyy, Danyyil"]
[WhiteElo "2374"]
[BlackElo "2536"]
[Result "0-1"]
[PlyCount "58"]
[EventDate "2015.04.29"]

1. Nf3 d5 2. g3 c6 3. Bg2 Bg4 4. c4 e6 5. O-O Nd7 6. d3 Ngf6 7. b3 Bd6 8. Bb2
Bxf3 9. Bxf3 h5 10. h4 Qc7 11. Kg2 Rg8 12. Rh1 g5 13. hxg5 Rxg5 14. Kf1 Ng4 15.
Qd2 Rf5 16. Kg2 O-O-O 17. Bxg4 hxg4 18. cxd5 exd5 19. Nc3 Kb8 20. Rac1 Qb6 21.
e4 Rf3 22. d4 Bb4 23. exd5 Nf6 24. Qe2 Re8 25. Qc4 Bxc3 26. Rxc3 cxd5 27. Qa4
Qe6 28. Rhc1 Rxc3 29. Rxc3 Qe4+ 0-1

[Event "XLVII C.to Italiano a squadre Master"]
[Site "Civitanova Marche ITA"]
[Date "2015.04.29"]
[Round "1"]
[White "Swiercz, Dariusz"]
[Black "Qendro, Llambi"]
[WhiteElo "2622"]
[BlackElo "2334"]
[Result "1-0"]
[PlyCount "95"]
[EventDate "2015.04.29"]

1. e4 g6 2. d4 Bg7 3. Nf3 d6 4. Bc4 Nf6 5. Qe2 O-O 6. O-O c6 7. Bb3 Qc7 8. e5
dxe5 9. dxe5 Nd5 10. h3 Na6 11. Bd2 Nc5 12. c4 Nb6 13. Bc2 a5 14. Nc3 Be6 15.
b3 a4 16. Bf4 axb3 17. axb3 Rxa1 18. Rxa1 Rd8 19. Qe3 Ncd7 20. Re1 Nf8 21. Ne2
Nc8 22. Ned4 Qb6 23. Ra1 c5 24. Nb5 Bd7 25. Nc3 Bc6 26. Ng5 f6 27. Nge4 fxe5
28. Bg5 Ne6 29. Bd1 Bxe4 30. Nxe4 Nxg5 31. Nxg5 e4 32. Rb1 Bh6 33. h4 Nd6 34.
Bc2 Bxg5 35. Qxg5 Qc6 36. Rd1 Qc7 37. Rd5 b6 38. Qe5 Rf8 39. Bxe4 Qa7 40. Rxd6
exd6 41. Bd5+ Rf7 42. Qf6 Qc7 43. g3 Qd7 44. Kg2 Qe8 45. Qxd6 Kg7 46. Bxf7 Qe4+
47. Kh2 Kxf7 48. Qxb6 1-0

[Event "XLVII C.to Italiano a squadre Master"]
[Site "Civitanova Marche ITA"]
[Date "2015.04.29"]
[Round "1"]
[White "Vocaturo, Daniele"]
[Black "Quinn, Mark Peter"]
[WhiteElo "2594"]
[BlackElo "2397"]
[Result "0-1"]
[PlyCount "58"]
[EventDate "2015.04.29"]

1. e4 c5 2. Nf3 Nc6 3. d4 cxd4 4. Nxd4 Qb6 5. Nb3 e6 6. Nc3 a6 7. Bd3 Nf6 8.
Be3 Qc7 9. f4 d6 10. Qf3 Bd7 11. O-O Be7 12. a4 Rc8 13. a5 Nb4 14. Bb6 Qb8 15.
Rae1 e5 16. Nd5 Nxd3 17. cxd3 Nxd5 18. exd5 O-O 19. d4 e4 20. Rxe4 Bf6 21. Rf2
Rc4 22. g4 h6 23. Nd2 Rc1+ 24. Kg2 Bh4 25. Rfe2 Bb5 26. R2e3 Rc2 27. Qd1 Qc8
28. Kh3 Bf2 29. Rf3 Rxd2 0-1